Pays qui comptent le plus de propriétaires de smartphones - Statistiques

Statistiques générales
  • Ce quiz a été pris 117 fois
  • Le résultat moyen est 9 sur 15
Statistiques - réponses
% de la population qui possède un smartphone Pays % Correct
72 Etats-Unis
98%
67 Canada
91%
58 Chine
90%
68 Royaume-Uni
88%
60 Allemagne
86%
71 Espagne
81%
60 Italie
81%
88 Corée du Sud
77%
77 Australie
76%
70 Nouvelle-Zélande
56%
59 Turquie
47%
74 Israël
26%
65 Malaisie
21%
52 Liban
14%
65 Chili
13%
Aucun quiz correspondant
Distribution des résultats
% des personnes avec chaque résultat
Percentile par nombre de réponses
Votre historique - résultats
Vous n’avez pas pris ce quiz